| 000 | 00419nam a2200145Ia 4500 | ||
|---|---|---|---|
| 008 | 231217s9999 xx 000 0 und d | ||
| 041 | _aEnglish | ||
| 082 | _a001.6424 HOP;19 | ||
| 100 | _aHopcroft, John E Ullman, Jeffrey D | ||
| 245 | 0 | _aIntroduction to automata theory, languages and computation | |
| 260 |
_c1979 _bNew Delhi : TMH, |
||
| 300 | _axii+418 | ||
| 650 | _aAutomata theory Computation | ||
| 942 | _cAA | ||
| 999 |
_c166423 _d166423 |
||